000 00617nam a2200217 a 4500
001 73761
003 BD-RjUL
005 20211209082437.0
008 170608s1963 enk 001 0 eng
035 _a(BD-RjUL)73979
040 _aDLC
_cODaWU
_dOCoLC
_dDLC
_dBD-RjUL
_beng
041 _aeng
082 _223
_a658.15
_bHAM 1963
100 1 _aHaseman, Wilber Cary,
_d1920-
_9218363
245 1 0 _aManagement uses of accounting /
_cWilber C. Haseman.
260 _aBoston :
_bAllyn and Bacon,
_c1963.
300 _axii, 785 p. ;
_c24 cm.
500 _aIncludes index.
650 0 _aAccounting.
_9218364
942 _2ddc
_cBK
999 _c73761
_d73761